| 000 | 00658nam a2200217 a 4500 | ||
|---|---|---|---|
| 005 | 20140310183452.0 | ||
| 008 | 090304s19uu xx 00 eng d | ||
| 020 | _a978007283168 | ||
| 050 |
_aHF 5636 _b.L262 2005 |
||
| 245 |
_aLandry's redefining entertainment : _bgolden ticket to food and fun! / |
||
| 260 |
_aTexas : _bLandry's Restaurants, Inc, _c2005. |
||
| 300 |
_a32 p. : _bill. col. ; _c27 cm. |
||
| 521 | _aBSBA | ||
| 650 | _aBSBA. | ||
| 650 | _aProduct placement in mass media. | ||
| 650 |
_aAccounting _xStudy and teaching |
||
| 650 | _aProduct management. | ||
| 650 | _aBranding (Marketing). | ||
| 942 |
_cBK _2lcc _kFOR |
||
| 999 |
_c23456 _d23456 |
||